000 00347nam a2200133Ia 4500
008 240624s9999 xx 000 0 und d
041 _aeng
082 _a331 BAU
100 _aBAUM JOEL A C
245 _aECONOMICS MEETS SOCIOLOGY IN STRATEGIC M
260 _c2000
_aIndia
_bEmerald Group Publishing Limited
300 _a428 : p.
365 _c
_b25
999 _c24285
_d24285